Mega yearbook 2017 : (Record no. 9346)

MARC details
000 -LEADER
fixed length control field 00571cam a2200205ua 4500
001 - CONTROL NUMBER
control field 10365
005 - DATE AND TIME OF LATEST TRANSACTION
control field 20260515114620.0
008 - FIXED-LENGTH DATA ELEMENTS--GENERAL INFORMATION
fixed length control field 180625n ii |||gr||||Z||||||eng
020 ## - INTERNATIONAL STANDARD BOOK NUMBER
International Standard Book Number 9789386323002
040 ## - CATALOGING SOURCE
Transcribing agency MAIN
041 ## - LANGUAGE CODE
Language code of text/sound track or separate title eng
082 ## - DEWEY DECIMAL CLASSIFICATION NUMBER
Classification number 030
100 ## - MAIN ENTRY--PERSONAL NAME
Personal name Ansari, Md. Usmangani,
Relator term Editor.
245 ## - TITLE STATEMENT
Title Mega yearbook 2017 :
Remainder of title current affairs and general knowledge /
Statement of responsibility, etc. Ed. by Md. Usmangani Ansari .
260 ## - PUBLICATION, DISTRIBUTION, ETC.
Place of publication, distribution, etc. New Delhi:
Name of publisher, distributor, etc. Disha publications,
Date of publication, distribution, etc. 2017.
300 ## - PHYSICAL DESCRIPTION
Extent 550p.
653 ## - INDEX TERM--UNCONTROLLED
Uncontrolled term General encyclopedic works
653 ## - INDEX TERM--UNCONTROLLED
Uncontrolled term Yearbook 2017
942 ## - ADDED ENTRY ELEMENTS (KOHA)
Koha item type Books
Holdings
Withdrawn status Lost status Damaged status Not for loan Home library Current library Shelving location Date acquired Total checkouts Full call number Barcode Date last seen Copy number Price effective from Koha item type
        Naharkatiya College Library Naharkatiya College Library General stacks 09/19/2020   030 | MEG 24003 09/19/2020 1 09/19/2020 Books
        Naharkatiya College Library Naharkatiya College Library General stacks 09/19/2020   030 | MEG 24004 09/19/2020 2 09/19/2020 Books